000 00379nam a2200133Ia 4500
008 230917s9999||||xx |||||||||||||| ||und||
040 _e141067
_aMAIN
041 _aEnglish
082 _a942.82 H884H
245 0 _aHooligans ro Rebels an oral History of working-class childhood and youth 1889-1939
260 _aOxford
_bBasil blackwell
_c1981
300 _a279p. p.
942 _cBK
999 _c41318
_d41318